• 首页
  • 本馆介绍
  • 公告通知
  • 最新文献
  • 馆藏检索
  • 电子资源
  • 读者荐购
  • 参考咨询
  • CALIS
  • 我的图书馆
  • 登录
  • 详细信息显示
  • 放入我的书架
  • 预约/预借图书
  • 作者相关作品
  • 分类相关作品
  • 丛书相关作品
  • 出版社相关作品

书目信息

  • 表格格式
  • 工作单格式
  • 卡片格式
题名:
Linux 网络编程
    
 
作者: 林宇 编著
分册:  
出版信息: 北京   人民邮电出版社  2000.10
页数: 498页
开本: 26cm
丛书名:
单 册:
中图分类: TP316.89
科图分类:
主题词: 软件
电子资源:
ISBN: 7-115-08766-0
 
 
 
 
 
000 00544nam0 2200193 45
001 0229857021
005 2002051908173694
010    @a7-115-08766-0@dRMB 46.00
100    @a20020519d2000 km y0chiy0120 ea
101 0  @achi
102    @aCN@b110000
200 1  @aLinux 网络编程@ALinux Wang Luo Bian Cheng@f林宇等编著@FLin Yu Deng Bian Zhu
210    @a北京@c人民邮电出版社@d2000.10
215    @a498页@d26cm
606 0  @a软件
690    @aTP316.89@v3
701  0 @a林宇@ALin Yu@4编著
801  0 @aCN@bPFT@c20020519
905    @a安徽大学@dTP316.89@eL529
    
    Linux 网络编程/林宇等编著.-北京:人民邮电出版社,2000.10
    498页;26cm
    
    
    ISBN 7-115-08766-0:RMB 46.00
    
●
相关链接 在E读中查询图书 在当当中查询图书 在豆瓣中查询图书


正题名:Linux 网络编程     索取号:TP316.89/L529         预约/预借

序号 登录号 条形码 馆藏地/架位号 状态 备注
1 355108   203551085   自科库301/301自科库 59排2列3层/ [索取号:TP316.89/L529] 在馆    
2 355109   203551094   期刊室512/301自科库 52排7列3层/ [索取号:TP316.89/L529] 在馆    
河南城建学院图书馆 欢迎您!
大连网信软件有限公司© 版权所有